|
|
|
|
| LEADER |
01390pam a2200301 a 4500 |
| 001 |
969512 |
| 003 |
GR-PaULI |
| 005 |
20210117210407.0 |
| 008 |
850419s1985 nyu b 101 0 eng |
| 020 |
|
|
|a 0306420120
|
| 040 |
|
|
|a GR-PaULI
|c GR-PaULI
|b gre
|e AACR2
|
| 041 |
|
|
|a eng
|
| 082 |
0 |
0 |
|a 530.1
|2 23
|
| 111 |
2 |
|
|a NATO Advanced Study Institute on Supersymmetry
|d (1984 :
|c Bonn, Germany)
|
| 245 |
1 |
0 |
|a Supersymmetry /
|c edited by K. Dietz ... [et al.].
|
| 260 |
|
|
|a New York :
|b Published in cooperation with NATO Scientific Affairs Division [by] Plenum Press,
|c 1985.
|
| 300 |
|
|
|a viii, 708 σ. ;
|c 26 εκ.
|
| 490 |
|
|
|a NATO ASI series. Series B. Physics ;
|v 125
|
| 504 |
|
|
|a Περιλαμβάνει βιβλιογραφικές αναφορές και ευρετήριο
|
| 650 |
|
0 |
|a Υπερσυμμετρία
|9 38770
|
| 650 |
|
0 |
|a Υπερβαρύτητα
|9 60882
|
| 700 |
1 |
|
|a Dietz, K.
|q (Klaus),
|d 1934-
|9 153051
|e επιμελητής
|
| 710 |
|
|
|a North Atlantic Treaty Organization.
|b Scientific Affairs Division
|e Scientific Affairs Division
|9 535
|
| 830 |
|
|
|a NATO ASI series.
|n Series B.
|p Physics
|9 162287
|
| 942 |
|
|
|2 ddc
|c BKN
|
| 952 |
|
|
|0 0
|1 0
|2 ddc
|4 0
|6 Π_Σ_530_100000000000000_NAT
|7 0
|9 212790
|a LISP
|b LISP
|c REF
|d 2017-05-31
|i 073280
|l 0
|o Π/Σ 530.1 NAT
|p 025000100261
|r 2017-05-31 00:00:00
|t 1
|v 2017.00
|w 2017-05-31
|y BKN
|
| 998 |
|
|
|c ΜΠΟΥΡΑΣ
|d 2017-05
|
| 999 |
|
|
|c 129423
|d 129423
|